01426nam a2200265 a 450000100100000000500170001000800410002704000250006808200150009310000230010824501400013126000790027130000290035050000420037950400270042170000250044870000450047304900090051895201280052795201280065595201280078395201130091195201190102499900170114300002413220241030114426.0110119s1998 dr a 000 0 spa d aDO-SdBNPbspacBNPHU axxxbD812c1 aDuarte, Isis9212313aLa cultura política dominicana :bentre el paternalismo y la participación /cIsis Duarte, Ramonina Brea, Ramón Tejada Holguín. aSanto Domingo :bPontificia Universidad Católica Madre y Maestra,c1998. a91 p. :bgraf. ;c29 cm. aIncluye notas al pie de las páginas aBibliografía : 87-911 aBrea, Ramonina983191 aTejada Holguín, Ramón,d1961-929856 aBNPD 001054708DSaGRbGRcCTd2011-01-19iLF1l0oxxx D812cp24132-30r2020-06-25te. 3w2020-06-25yLFDSZPréstamo en sala 001054708DSaGRbGRcCTd2011-01-19iLF1l0oxxx D812cp24132-40r2020-06-25te. 4w2020-06-25yLFDSZPréstamo en sala 001054708DSaGRbGRcCTd2011-01-19iLF1l0oxxx D812cp24132-50r2020-06-25te. 5w2020-06-25yLFDSZPréstamo en sala 0010718PDaPDbPDcHDd2011-01-19iLF1l0oxxx D812cp24132-10r2020-06-25w2020-06-25yLFPDZNo se presta 0010718PDaPDbPDcCTd2011-01-19iLF1l0oxxx D812cp24132-20r2020-06-25te. 2w2020-06-25yLFPDZNo se presta c23626d23626